| 000 | 00790nam a22002177a 4500 | ||
|---|---|---|---|
| 999 |
_c14380 _d14380 |
||
| 008 | 190913b ||||| |||| 00| 0 eng d | ||
| 020 | _a9781138613980 | ||
| 082 |
_22019 _aDC 302.23 _bAn13 |
||
| 100 |
_aRiffe, Daniel _939656 |
||
| 245 |
_aAnalyzing media messages: _busing quantitative content analysis in research/ _cDaniel Riffe and 3 others |
||
| 260 |
_aNew York: _bRoutledge, _cc2019. |
||
| 300 |
_aix, 224 pages; _b23 cm. |
||
| 500 | _aIncludes bibliographical references and index. | ||
| 650 |
_a Content analysis (Communication) _939657 |
||
| 650 |
_aMass media Research Methodology. _939658 |
||
| 650 |
_aMass media Statistical methods. _939659 |
||
| 700 |
_aLacy, Stephen _939660 |
||
| 700 |
_aWatson, Brendan R. _939661 |
||
| 700 |
_aFico, Frederick _939662 |
||
| 942 |
_2ddc _cDC |
||